Selected aspects of e-business development

Zvýšené využívanie informačných a komunikačných technológií (IKT) má veľký vplyv na obchodné vzťahy medzi podnikmi navzájom (B2B) a medzi podnikmi a zákazníkmi (B2C), rovnako ako na spôsob priebehu kľúčových obchodných operácií. Môže ušetriť náklady a čas, umožňuje podnikom získať rozsiahlejší trh a...

ver descrição completa

Na minha lista:
Detalhes bibliográficos
Autor principal: Hennyeyová, Klára
Formato: Capítulo de Livro
Idioma:inglês
Assuntos:
Tags: Adicionar Tag
Sem tags, seja o primeiro a adicionar uma tag!

MARC

LEADER 00000naa$a2200000$$$4500
001 0048351
005 20231114071743.7
041 0 |a eng 
044 |a CZ 
245 1 0 |a Selected aspects of e-business development  |c Klára Hennyeyová 
520 |a Zvýšené využívanie informačných a komunikačných technológií (IKT) má veľký vplyv na obchodné vzťahy medzi podnikmi navzájom (B2B) a medzi podnikmi a zákazníkmi (B2C), rovnako ako na spôsob priebehu kľúčových obchodných operácií. Môže ušetriť náklady a čas, umožňuje podnikom získať rozsiahlejší trh a rýchlejšie reagovať na požiadavky zákazníkov. Tieto výhody otvárajú nové spôsoby fungovania medzinárodného obchodu. Cieľom je posilniť integráciu e-obchodu do normálneho obchodu s podporou služieb elektronického obchodu. IKT je nevyhnutné chápať ako prostriedok zvyšovania prosperity a konkurencieschopnosti. 
610 2 0 |a technológie informačné 
610 2 0 |a technológie komunikačné 
610 2 0 |a obchod elektronický 
610 2 0 |a spoločnosť informačná 
100 1 |a Hennyeyová, Klára